Tribhuvan University Central Library

Local resources and classroom practices in Nepal (Record no. 106816)

MARC details
000 -LEADER
fixed length control field 00429nam a22001457a 4500
008 - FIXED-LENGTH DATA ELEMENTS--GENERAL INFORMATION
fixed length control field 230117b |||||||| |||| 00| 0 eng d
082 ## - DEWEY DECIMAL CLASSIFICATION NUMBER
Classification number 371.25/B4963l
100 ## - MAIN ENTRY--PERSONAL NAME
Personal name Bhattarai, Taranath
245 ## - TITLE STATEMENT
Title Local resources and classroom practices in Nepal
260 ## - PUBLICATION, DISTRIBUTION, ETC.
Place of publication, distribution, etc. Kathmandu:
Name of publisher, distributor, etc. TU, Faculty of Education,
Date of publication, distribution, etc. 2021
300 ## - PHYSICAL DESCRIPTION
Other physical details xxii, 349p. ;illus.
504 ## - BIBLIOGRAPHY, ETC. NOTE
Bibliography, etc. note Bibliography: p.252-288
650 ## - SUBJECT ADDED ENTRY--TOPICAL TERM
Topical term or geographic name entry element Classrooms
942 ## - ADDED ENTRY ELEMENTS (KOHA)
Source of classification or shelving scheme Dewey Decimal Classification
Koha item type Theses and Dissertations
Holdings
Withdrawn status Lost status Source of classification or shelving scheme Damaged status Not for loan Home library Current library Date acquired Total Checkouts Full call number Barcode Date last seen Price effective from Koha item type
    Dewey Decimal Classification     Tribhuvan University Central Library Tribhuvan University Central Library 01/17/2023   371.25/B4963l D14303 01/17/2023 01/17/2023 Theses and Dissertations